000 01253cam a2200325 a 4500
005 20260322212036.0
008 data
010 _a 2005934058
020 _a9780618382484 (hbk. : student text)
020 _a0618382488 (hbk. : student text)
020 _a9780618731350 (hbk. : instructor's examination copy)
020 _a0618731350 (hbk. : instructor's examination copy)
040 _aDLC
_cDLC
050 0 0 _aBF636.7.G76
_bD39 2007
096 _aWM 430 D39 2007
100 1 _aDay, Susan,
_d1950 October 12-
245 1 0 _aGroups in practice /
_cSusan Day, Rex A. Stockton & Dennis M. Kivligham.
250 _a1st ed.
260 _aBoston :
_bLahaska Press,
_cc2007.
300 _axvi, 462 p. ;
_c24 cm.
504 _aIncludes bibliographical references and index.
650 0 _aGroup counseling.
700 1 _aStockton, Rex A.
_d1936-
_q(Rex Arthur),
700 1 _aKivligham, Dennis M.
906 _a7
_bcbc
_corignew
_d3
_eepcn
_f20
_gy-gencatlg
925 0 _aacquire
_b1 shelf copies
_xpolicy default
925 1 _aacquire
_b2 shelf copies
_xpolicy default
955 _dsh44 2008-08-18
_esh45 2008-08-21 to BCCD (Telework)
001 data
999 _c851
_d851